Code Cracker! X Quiz Stats

 Plays Quiz Updated Nov 10, 2017

Also try: Code Cracker! IX
Challenge
Share
Tweet
Score 0/178 Timer 04:00
0 Plays Today
% Correct
✔​​​
100%
Q​
100%
✔​​​
100%
X​
100%
X​
100%
✔​​​
93.6%
E​
93.6%
E​
93.6%
E​
93.6%
E​
93.6%
E​
93.6%
E​
93.6%
E​
93.6%
E​
93.6%
E​
93.6%
E​
93.6%
E​
93.6%
E​
93.6%
E​
93.6%
E​
93.6%
E​
93.6%
E​
93.6%
E​
93.6%
E​
93.6%
E​
93.6%
E​
93.6%
✔​​
93.2%
I​
93.2%
I​
93.2%
I​
93.2%
I​
93.2%
I​
93.2%
I​
93.2%
I​
93.2%
I​
93.2%
I​
93.2%
I​
93.2%
I​
93.2%
I​
93.2%
I​
93.2%
✔​​​
93%
U​
93%
U​
93%
U​
93%
U​
93%
U​
93%
✔​​​
92.9%
O​
92.9%
O​
92.9%
O​
92.9%
O​
92.9%
O​
92.9%
O​
92.9%
O​
92.9%
O​
92.9%
✔​​​
92.2%
N​
92.2%
N​
92.2%
N​
92.2%
N​
92.2%
% Correct
N​
92.2%
N​
92.2%
N​
92.2%
N​
92.2%
N​
92.2%
N​
92.2%
✔​​​
92.1%
A​
92.1%
A​
92.1%
A​
92.1%
A​
92.1%
A​
92.1%
A​
92.1%
A​
92.1%
A​
92.1%
A​
92.1%
A​
92.1%
A​
92.1%
A​
92.1%
A​
92.1%
A​
92.1%
A​
92.1%
✔​​​
88.6%
D​
88.6%
D​
88.6%
D​
88.6%
D​
88.6%
D​
88.6%
D​
88.6%
D​
88.6%
D​
88.6%
✔​​​
87.5%
T​
87.5%
T​
87.5%
T​
87.5%
T​
87.5%
T​
87.5%
T​
87.5%
T​
87.5%
T​
87.5%
T​
87.5%
✔​​​
87.4%
L​
87.4%
L​
87.4%
L​
87.4%
L​
87.4%
L​
87.4%
L​
87.4%
L​
87.4%
L​
87.4%
L​
87.4%
L​
87.4%
✔​​​
86.8%
R​
86.8%
R​
86.8%
R​
86.8%
R​
86.8%
R​
86.8%
R​
86.8%
R​
86.8%
% Correct
R​
86.8%
✔​​​
84.7%
S​
84.7%
S​
84.7%
S​
84.7%
S​
84.7%
✔​​​
84.3%
H​
84.3%
H​
84.3%
H​
84.3%
✔​​​
83.8%
Y​
83.8%
Y​
83.8%
Y​
83.8%
✔​​​
82.7%
C​
82.7%
C​
82.7%
C​
82.7%
C​
82.7%
✔​​​
81.3%
W​
81.3%
W​
81.3%
W​
81.3%
W​
81.3%
W​
81.3%
W​
81.3%
✔​​​
80.7%
J​
80.7%
J​
80.7%
✔​​​
80.3%
F​
80.3%
F​
80.3%
F​
80.3%
✔​​​
80.1%
B​
80.1%
B​
80.1%
B​
80.1%
✔​​​
79.8%
M​
79.8%
✔​​​
79.7%
K​
79.7%
K​
79.7%
K​
79.7%
K​
79.7%
✔​​​
78.9%
V​
78.9%
V​
78.9%
V​
78.9%
✔​​​
76.9%
G​
76.9%
G​
76.9%
✔​​​
76%
P​
76%
P​
76%
P​
76%
✔​​​
68.9%
Z​
68.9%
Z​
68.9%

You're not logged in!

Compare scores with friends on all Sporcle quizzes.
Join for Free
OR
Log In

You Might Also Like...

Show Comments

Extras

Top Quizzes Today


Score Distribution

Your Account Isn't Verified!

In order to create a playlist on Sporcle, you need to verify the email address you used during registration. Go to your Sporcle Settings to finish the process.

Report this User

Report this user for behavior that violates our Community Guidelines.

Details: